<?xml version="1.0" encoding="UTF-8"?>
<record
    xmlns:xsi="http://www.w3.org/2001/XMLSchema-instance"
    xsi:schemaLocation="http://www.loc.gov/MARC21/slim http://www.loc.gov/standards/marcxml/schema/MARC21slim.xsd"
    xmlns="http://www.loc.gov/MARC21/slim">

  <leader>00420cam a2200157 a 4500</leader>
  <datafield tag="020" ind1=" " ind2=" ">
    <subfield code="a">2218038811</subfield>
  </datafield>
  <datafield tag="020" ind1=" " ind2=" ">
    <subfield code="a">2218051249</subfield>
  </datafield>
  <datafield tag="040" ind1=" " ind2=" ">
    <subfield code="c">DLC</subfield>
  </datafield>
  <datafield tag="082" ind1=" " ind2=" ">
    <subfield code="a">501 AUP 1992 A028 Or.</subfield>
  </datafield>
  <datafield tag="100" ind1="1" ind2=" ">
    <subfield code="a">M'Bokolo, Elikia</subfield>
  </datafield>
  <datafield tag="245" ind1="1" ind2="0">
    <subfield code="a">Afrique noire, histoire et civilisations /</subfield>
  </datafield>
  <datafield tag="260" ind1=" " ind2=" ">
    <subfield code="a">Paris :</subfield>
    <subfield code="b">Hatier :</subfield>
    <subfield code="b">AUPELF-UREF,</subfield>
    <subfield code="c">c1992-c1995</subfield>
  </datafield>
  <datafield tag="300" ind1=" " ind2=" ">
    <subfield code="a">2 v. :</subfield>
    <subfield code="b">ill., maps ;</subfield>
    <subfield code="c">26 cm</subfield>
  </datafield>
  <datafield tag="700" ind1="1" ind2=" ">
    <subfield code="a">Le Callennec, Sophie</subfield>
  </datafield>
  <datafield tag="942" ind1=" " ind2=" ">
    <subfield code="c">EK</subfield>
  </datafield>
  <datafield tag="999" ind1=" " ind2=" ">
    <subfield code="c">12766</subfield>
    <subfield code="d">12766</subfield>
  </datafield>
  <datafield tag="952" ind1=" " ind2=" ">
    <subfield code="0">0</subfield>
    <subfield code="1">0</subfield>
    <subfield code="4">0</subfield>
    <subfield code="6">501_000000000000000_AUP_1992_A028_OR</subfield>
    <subfield code="7">0</subfield>
    <subfield code="9">62852</subfield>
    <subfield code="a">LBA</subfield>
    <subfield code="b">LBA</subfield>
    <subfield code="c">A028</subfield>
    <subfield code="d">2017-08-16</subfield>
    <subfield code="o">501 AUP 1992 A028 Or.</subfield>
    <subfield code="p">A18410</subfield>
    <subfield code="r">2017-08-16</subfield>
    <subfield code="y">EK</subfield>
  </datafield>
  <datafield tag="952" ind1=" " ind2=" ">
    <subfield code="0">0</subfield>
    <subfield code="1">0</subfield>
    <subfield code="4">0</subfield>
    <subfield code="6">501_000000000000000_AUP_1992_A028_OR</subfield>
    <subfield code="7">0</subfield>
    <subfield code="9">62853</subfield>
    <subfield code="a">LBA</subfield>
    <subfield code="b">LBA</subfield>
    <subfield code="c">A028</subfield>
    <subfield code="d">2017-08-16</subfield>
    <subfield code="o">501 AUP 1992 A028 Or.</subfield>
    <subfield code="p">A15960</subfield>
    <subfield code="r">2017-08-16</subfield>
    <subfield code="y">EK</subfield>
  </datafield>
  <datafield tag="952" ind1=" " ind2=" ">
    <subfield code="0">0</subfield>
    <subfield code="1">0</subfield>
    <subfield code="4">0</subfield>
    <subfield code="6">501_000000000000000_AUP_1992_A028_OR</subfield>
    <subfield code="7">0</subfield>
    <subfield code="9">62854</subfield>
    <subfield code="a">LBA</subfield>
    <subfield code="b">LBA</subfield>
    <subfield code="c">A028</subfield>
    <subfield code="d">2017-08-16</subfield>
    <subfield code="o">501 AUP 1992 A028 Or.</subfield>
    <subfield code="p">A17481</subfield>
    <subfield code="r">2017-08-16</subfield>
    <subfield code="y">EK</subfield>
  </datafield>
  <datafield tag="952" ind1=" " ind2=" ">
    <subfield code="0">0</subfield>
    <subfield code="1">0</subfield>
    <subfield code="4">0</subfield>
    <subfield code="6">501_000000000000000_AUP_1992_A025_OR</subfield>
    <subfield code="7">0</subfield>
    <subfield code="9">64661</subfield>
    <subfield code="a">LBA</subfield>
    <subfield code="b">LBA</subfield>
    <subfield code="c">A025</subfield>
    <subfield code="d">2017-08-28</subfield>
    <subfield code="o">501 AUP 1992 A025 Or.</subfield>
    <subfield code="p">A20406</subfield>
    <subfield code="r">2017-08-28</subfield>
    <subfield code="y">EK</subfield>
  </datafield>
  <datafield tag="952" ind1=" " ind2=" ">
    <subfield code="0">0</subfield>
    <subfield code="1">0</subfield>
    <subfield code="4">0</subfield>
    <subfield code="6">501_000000000000000_AUP_1992_A025_OR</subfield>
    <subfield code="7">0</subfield>
    <subfield code="9">64662</subfield>
    <subfield code="a">LBA</subfield>
    <subfield code="b">LBA</subfield>
    <subfield code="c">A025</subfield>
    <subfield code="d">2017-08-28</subfield>
    <subfield code="o">501 AUP 1992 A025 Or.</subfield>
    <subfield code="p">A20321</subfield>
    <subfield code="r">2017-08-28</subfield>
    <subfield code="y">EK</subfield>
  </datafield>
  <datafield tag="952" ind1=" " ind2=" ">
    <subfield code="0">0</subfield>
    <subfield code="1">0</subfield>
    <subfield code="4">0</subfield>
    <subfield code="6">501_000000000000000_AUP_1992_A025_OR</subfield>
    <subfield code="7">0</subfield>
    <subfield code="9">64663</subfield>
    <subfield code="a">LBA</subfield>
    <subfield code="b">LBA</subfield>
    <subfield code="c">A025</subfield>
    <subfield code="d">2017-08-28</subfield>
    <subfield code="o">501 AUP 1992 A025 Or.</subfield>
    <subfield code="p">A20396</subfield>
    <subfield code="r">2017-08-28</subfield>
    <subfield code="y">EK</subfield>
  </datafield>
  <datafield tag="952" ind1=" " ind2=" ">
    <subfield code="0">0</subfield>
    <subfield code="1">0</subfield>
    <subfield code="4">0</subfield>
    <subfield code="6">501_000000000000000_AUP_1992_A025_OR</subfield>
    <subfield code="7">0</subfield>
    <subfield code="9">64664</subfield>
    <subfield code="a">LBA</subfield>
    <subfield code="b">LBA</subfield>
    <subfield code="c">A025</subfield>
    <subfield code="d">2017-08-28</subfield>
    <subfield code="o">501 AUP 1992 A025 Or.</subfield>
    <subfield code="p">A20135</subfield>
    <subfield code="r">2017-08-28</subfield>
    <subfield code="y">EK</subfield>
  </datafield>
  <datafield tag="952" ind1=" " ind2=" ">
    <subfield code="0">0</subfield>
    <subfield code="1">0</subfield>
    <subfield code="4">0</subfield>
    <subfield code="6">631_000000000000000_AUP_1992_A050_OR</subfield>
    <subfield code="7">0</subfield>
    <subfield code="9">64665</subfield>
    <subfield code="a">LBA</subfield>
    <subfield code="b">LBA</subfield>
    <subfield code="c">A050</subfield>
    <subfield code="d">2017-08-28</subfield>
    <subfield code="o">631 AUP 1992 A050 Or.</subfield>
    <subfield code="p">A17593</subfield>
    <subfield code="r">2017-08-28</subfield>
    <subfield code="y">EK</subfield>
  </datafield>
  <datafield tag="952" ind1=" " ind2=" ">
    <subfield code="0">0</subfield>
    <subfield code="1">0</subfield>
    <subfield code="4">0</subfield>
    <subfield code="6">501_000000000000000_AUP_1992_A058_OR</subfield>
    <subfield code="7">0</subfield>
    <subfield code="9">66675</subfield>
    <subfield code="a">LBA</subfield>
    <subfield code="b">LBA</subfield>
    <subfield code="c">A058</subfield>
    <subfield code="d">2017-10-17</subfield>
    <subfield code="o">501 AUP 1992 A058 Or.</subfield>
    <subfield code="p">A07420</subfield>
    <subfield code="r">2017-10-17</subfield>
    <subfield code="w">2017-10-17</subfield>
    <subfield code="y">EK</subfield>
  </datafield>
</record>
